000 00763nab a2200241 u 4500
001 14281
003 HDC
007 cr bn ---aaaaa
008 210214c mydr|nes 0 a may d
040 _aHDC
245 0 _a¬Brahim's masih dalam perbincangan dengan MAS
260 _aMalaysia:
_bUtusan Malaysia,
_c2015
336 _atext
_2rdacontent
337 _acomputer
_2rdamedia
338 _aonline resource
_2rdacarrier
650 _aairlines
_911651
650 _afood products
_92068
710 _aUtusan Malaysia
856 _zRequest full-text at [email protected]
942 _2lcc
942 _cNEWS
942 _kNSWC 004580
999 _c11597
_d11597